[Event "36th Olympiad w"]
[Site "Calvia ESP"]
[Date "2004.10.17"]
[Round "3"]
[White "Maric,A"]
[Black "Radziewicz,I"]
[Result "1/2-1/2"]
[WhiteElo "2418"]
[BlackElo "2449"]
[EventDate "2004.10.15"]

1. Nf3 e6 2. c4 b6 3. g3 Bb7 4. Bg2 c5 5. O-O Be7 6. Nc3 Nf6 7. d4 cxd4 8.
Qxd4 O-O 9. Rd1 Nc6 10. Qf4 Na5 11. b3 a6 12. Bb2 Qb8 13. Qxb8 Raxb8 14.
Nd4 Bxg2 15. Kxg2 Rfc8 16. e4 d6 17. f3 g6 18. Rd2 Ne8 19. Rad1 Bf6 20. f4
Bg7 21. Kf3 Kf8 22. g4 Nc6 23. Nxc6 Rxc6 24. Na4 Bxb2 25. Nxb2 b5 26. h3 h6
27. Ke3 g5 28. f5 e5 29. Rc2 Nf6 30. Rdc1 Rbc8 31. Nd3 a5 32. Ne1 b4 33.
Nd3 R6c7 34. Kf3 Ke7 35. Re2 Nd7 36. Rd1 Rh8 37. Rh2 h5 38. Rdh1 Nf6 39.
Nf2 Rcc8 40. h4 hxg4+ 41. Nxg4 Nxg4 42. Kxg4 gxh4 43. Rxh4 Rxh4+ 44. Rxh4
a4 45. Rh1 Rg8+ 46. Kf3 axb3 47. axb3 Ra8 48. Rd1 Ra3 49. Rd3 Ra2 50. Kg3
Rc2 51. Kf3 Kd7 52. Ke3 Kc6 53. Kf3 Rb2 54. Kg3 Rc2 55. Kf3 Rc1 56. Kf2
Rc2+ 57. Kf3 Kd7 58. Re3 Ke8 59. Re2 Rc1 60. Rd2 Ke7 61. Ke2 Rh1 62. Rd3
Rh2+ 63. Kf3 Rh3+ 64. Ke2 Rh4 65. Kf3 Rh2 66. Kg3 Re2 67. Kf3 Rb2 68. Ke3
Rb1 69. Ke2 Rh1 70. Kf2 Rh2+ 71. Kg3 Re2 72. Kf3 Re1 73. Rd5 Rc1 74. Ke2
Rc2+ 75. Ke3 Kd7 76. Kd3 Rc3+ 77. Kd2 Kc6 1/2-1/2

[Event "36th Olympiad w"]
[Site "Calvia ESP"]
[Date "2004.10.17"]
[Round "3"]
[White "Socko,M"]
[Black "Bojkovic,N"]
[Result "1/2-1/2"]
[WhiteElo "2439"]
[BlackElo "2398"]
[EventDate "2004.10.15"]

1. d4 Nf6 2. c4 e6 3. Nc3 Bb4 4. e3 O-O 5. Bd3 d5 6. cxd5 exd5 7. Nge2 Re8
8. Bd2 Bf8 9. Qc2 a5 10. O-O Na6 11. a3 c6 12. Rfd1 Bd7 13. Ng3 Bg4 14. f3
Be6 15. e4 dxe4 16. Ncxe4 Nxe4 17. Bxe4 g6 18. Bc3 Nc7 19. Re1 Nd5 20. Bxd5
Qxd5 21. Re5 Qd8 22. Rae1 Bg7 23. R5e4 Qd5 24. Qf2 b6 25. Ne2 Qd7 26. Nf4
Bd5 27. R4e3 Rxe3 28. Rxe3 Re8 29. Nd3 Rxe3 30. Qxe3 Bf6 31. Qf4 Kg7 32.
Nf2 h5 33. g4 g5 34. Qe3 hxg4 35. Nxg4 Qf5 36. Kf2 Bd8 37. Qe5+ Qxe5 38.
dxe5 Kg6 39. Ne3 Be6 1/2-1/2

[Event "36th Olympiad w"]
[Site "Calvia ESP"]
[Date "2004.10.17"]
[Round "3"]
[White "Prudnikova,S"]
[Black "Dworakowska,J"]
[Result "0-1"]
[WhiteElo "2402"]
[BlackElo "2393"]
[EventDate "2004.10.15"]

1. d4 Nf6 2. g3 g6 3. Bg2 Bg7 4. e4 d6 5. Ne2 O-O 6. Nbc3 e5 7. h3 Nbd7 8.
Be3 b6 9. O-O Bb7 10. d5 h6 11. Qd2 Kh7 12. g4 Ba6 13. a4 Rh8 14. f3 g5 15.
Nb5 Nf8 16. Ng3 Ng6 17. Nf5 Bc8 18. a5 Bd7 19. c4 a6 20. Nc3 Bxf5 21. exf5
Nf4 22. Ne4 Nxe4 23. fxe4 h5 24. axb6 cxb6 25. Rf3 Bf6 26. Bf2 hxg4 27.
hxg4 Kg7 28. Bg3 Qc7 29. Bf1 Rh6 30. b3 Rah8 31. Bg2 Qc8 32. Ra2 b5 33. Qb4
Bd8 34. Bxf4 gxf4 35. Rd3 Bb6+ 36. Kf1 Rh1+ 37. Bxh1 Rxh1+ 38. Kg2 Qh8 0-1

[Event "36th Olympiad w"]
[Site "Calvia ESP"]
[Date "2004.10.17"]
[Round "3"]
[White "Dzagnidze,N"]
[Black "Madl,I"]
[Result "1/2-1/2"]
[WhiteElo "2484"]
[BlackElo "2369"]
[EventDate "2004.10.15"]

1. d4 d5 2. c4 c6 3. Nf3 Nf6 4. Qb3 dxc4 5. Qxc4 Bf5 6. g3 e6 7. Nc3 Nbd7
8. Bg2 Be7 9. Qb3 Qb6 10. Nd2 Qxb3 11. axb3 Nb6 12. Nc4 Nxc4 13. bxc4 O-O
14. e4 Bg6 15. e5 Nd7 16. c5 Bd3 17. Be3 Rfd8 18. f4 f6 19. Kf2 fxe5 20.
fxe5 Rf8+ 21. Ke1 Rfd8 22. Bf3 Rf8 23. Bg4 Bf5 24. Be2 Bh3 25. Rg1 b6 26.
cxb6 Nxb6 27. Kd2 Bf5 28. Ba6 Rfd8 29. Rgd1 Bb4 30. Ke1 Nd7 31. Bd2 Nb6 32.
Rac1 c5 33. dxc5 Bxc5 34. Bg5 Rxd1+ 35. Rxd1 Rf8 36. Be2 h6 37. Bd2 Bd4 38.
g4 Bg6 39. Ra1 Nc8 40. Ra4 Bxe5 41. Ra6 Bd4 42. Nb5 Bg1 43. Rxe6 Bf7 44.
Ra6 Bc5 45. b4 1/2-1/2

[Event "36th Olympiad w"]
[Site "Calvia ESP"]
[Date "2004.10.17"]
[Round "3"]
[White "Vajda,S"]
[Black "Javakhishvili,L"]
[Result "1-0"]
[WhiteElo "2369"]
[BlackElo "2423"]
[EventDate "2004.10.15"]

1. e4 c5 2. Nf3 e6 3. d4 cxd4 4. Nxd4 a6 5. Bd3 Bc5 6. Nb3 Ba7 7. Qe2 Nc6
8. Be3 d6 9. N1d2 Nf6 10. Bxa7 Rxa7 11. a4 b6 12. O-O e5 13. Rfd1 O-O 14.
Nf1 Be6 15. Bc4 Qc8 16. Bxe6 Qxe6 17. Ne3 Nxe4 18. Qc4 Qxc4 19. Nxc4 Rd8
20. Nxb6 Rb7 21. a5 f5 22. f3 Nf6 23. Rd2 Kf7 24. Rad1 Ne8 25. Nc4 Ke7 26.
Ne3 g6 27. f4 Nf6 28. fxe5 dxe5 29. Rxd8 Nxd8 30. Nc4 Nf7 31. Nc5 Rc7 32.
b4 Rc6 33. Nb6 Nd6 34. c4 Nfe4 35. Nxa6 Nxc4 36. Nb8 Rxb6 37. Rd7+ Ke6 38.
axb6 Nxb6 39. Rxh7 Nd5 40. Na6 Kd6 41. Rg7 Ne7 42. b5 Nc8 43. b6 1-0

[Event "36th Olympiad w"]
[Site "Calvia ESP"]
[Date "2004.10.17"]
[Round "3"]
[White "Susterman,A"]
[Black "Houska,Jo"]
[Result "0-1"]
[WhiteElo "2299"]
[BlackElo "2298"]
[EventDate "2004.10.15"]

1. e4 c6 2. d4 d5 3. e5 Bf5 4. Nf3 e6 5. Be2 Nd7 6. O-O h6 7. b3 Ne7 8. c4
Ng6 9. Na3 Nf4 10. Bxf4 Bxa3 11. Qd2 Be7 12. h3 O-O 13. Rac1 Re8 14. Nh2
Bg6 15. Rfd1 Ba3 16. Ra1 a5 17. Bd3 Nf8 18. Ng4 h5 19. Nh2 c5 20. Nf3 cxd4
21. Nxd4 Qb6 22. Be3 Bc5 23. Bxg6 Nxg6 24. cxd5 exd5 25. f4 f6 26. exf6
Qxf6 27. Nc2 Nxf4 28. Kh1 Bxe3 29. Nxe3 Qg5 30. Re1 d4 31. Nc4 d3 32. Qf2
Rad8 33. Rad1 Re2 34. Rxe2 dxe2 35. Re1 Rd1 0-1

[Event "36th Olympiad w"]
[Site "Calvia ESP"]
[Date "2004.10.17"]
[Round "3"]
[White "Buckley,M"]
[Black "Partac,E"]
[Result "1/2-1/2"]
[WhiteElo "2147"]
[BlackElo "2259"]
[EventDate "2004.10.15"]

1. e4 c5 2. Nc3 Nc6 3. g3 g6 4. d3 Bg7 5. Be3 d6 6. Qd2 e5 7. Bg2 h6 8.
Nge2 Nge7 9. a3 Nd4 10. O-O Bh3 11. f4 Bxg2 12. Kxg2 Nxe2 13. Qxe2 exf4 14.
Bxf4 O-O 15. Rae1 Nc6 16. Nd5 Nd4 1/2-1/2

[Event "36th Olympiad w"]
[Site "Calvia ESP"]
[Date "2004.10.17"]
[Round "3"]
[White "Botsari,A"]
[Black "Pourkashiyan,A"]
[Result "1-0"]
[WhiteElo "2362"]
[BlackElo "2217"]
[EventDate "2004.10.15"]

1. d4 d5 2. c4 e6 3. Nc3 Nf6 4. Bg5 Be7 5. e3 O-O 6. Nf3 Nbd7 7. Qc2 c5 8.
Rd1 Qa5 9. cxd5 Nxd5 10. Bxe7 Nxe7 11. Bd3 Nf6 12. O-O h6 13. dxc5 Qxc5 14.
e4 Kh8 15. e5 Nfd5 16. Qa4 Qb4 17. Qxb4 Nxb4 18. Be4 f5 19. exf6 gxf6 20.
a3 Nbc6 21. Rd6 e5 22. Nh4 Kg7 23. f4 exf4 24. Rxf4 Ne5 25. Nb5 Bd7 26. Nd4
Rad8 27. b3 Bc8 28. Rfxf6 Rxf6 29. Rxd8 Rf4 30. Rxc8 Rxe4 31. Rc7 Kf6 32.
Nhf3 Nxf3+ 33. Nxf3 a5 34. Rxb7 a4 35. Rb6+ Kg7 36. Kf2 axb3 37. Rxb3 Ra4
38. Rd3 Nc8 39. g3 Nb6 40. Nh4 Ra5 41. Rc3 Nd5 42. Rb3 Kf6 43. Nf3 Kf5 44.
Rb5 Rxb5 45. Nd4+ Kg4 46. Nxb5 Kh3 47. Kg1 Nb6 48. Nc3 Nc4 49. a4 Na5 50.
Ne4 Kg4 51. Kg2 Nc4 52. Nf2+ Kf5 53. Kf3 Nd2+ 54. Ke2 Nb3 55. Ke3 h5 56. h3
Ke5 57. Nd3+ Kf5 58. Nb2 Ke5 59. Nc4+ Kd5 60. Nd2 Nd4 61. a5 Ne6 62. Ne4
Ke5 63. a6 Nc7 64. a7 Na8 65. Nc5 Kd5 66. Nd3 h4 67. g4 Ke6 68. Kf4 Kf6 69.
g5+ Kg6 70. Ne5+ Kh5 71. g6 Kh6 72. Kf5 Nc7 73. Nd7 Na8 74. Kf6 Nc7 75. Kf7
1-0

[Event "36th Olympiad w"]
[Site "Calvia ESP"]
[Date "2004.10.17"]
[Round "3"]
[White "Navabi,S"]
[Black "Fakhiridou,E"]
[Result "1/2-1/2"]
[WhiteElo "2107"]
[BlackElo "2258"]
[EventDate "2004.10.15"]

1. c4 g6 2. Nc3 Bg7 3. g3 d6 4. Bg2 e5 5. e3 f5 6. d3 Ne7 7. Nge2 O-O 8.
O-O Nd7 9. Rb1 Kh8 10. b4 Nf6 11. Nd5 c6 12. Nxf6 Bxf6 13. f4 Qe8 14. b5 d5
15. cxd5 Nxd5 16. bxc6 bxc6 17. e4 fxe4 18. dxe4 Nc7 19. Ba3 Rf7 20. fxe5
Bxe5 21. Rxf7 Qxf7 22. Qd8+ Qe8 23. Qxe8+ Nxe8 24. Bb2 Bxb2 25. Rxb2 Ba6
26. e5 Rc8 27. Rc2 Bxe2 28. Rxe2 c5 29. Bd5 c4 30. Kf2 Rc5 31. Bf7 Nc7 32.
Rc2 c3 33. Bb3 Kg7 34. Kf3 g5 35. Rc1 Rxe5 36. Rxc3 Nb5 37. Rd3 Kf6 38. g4
h5 39. h4 hxg4+ 40. Kxg4 Re4+ 41. Kh3 1/2-1/2

[Event "36th Olympiad w"]
[Site "Calvia ESP"]
[Date "2004.10.17"]
[Round "3"]
[White "Garcia Vicente,N"]
[Black "Gaponenko,I"]
[Result "0-1"]
[WhiteElo "2213"]
[BlackElo "2445"]
[EventDate "2004.10.15"]

1. d4 Nf6 2. c4 e6 3. Nc3 Bb4 4. e3 O-O 5. Bd3 d5 6. Nf3 b6 7. O-O Bb7 8.
cxd5 exd5 9. Qc2 Re8 10. a3 Bd6 11. Nb5 Nc6 12. Nxd6 cxd6 13. Bd2 Re7 14.
b4 Rc7 15. Qb2 Ne4 16. Rfc1 Rac8 17. Rc2 Ne7 18. Rac1 h6 19. Rxc7 Rxc7 20.
Rxc7 Qxc7 21. Qc1 Qxc1+ 22. Bxc1 f5 23. h4 Kf7 24. Ne1 Bc6 25. f3 Nc3 26.
Bd2 Na4 27. Bc1 b5 28. Kf2 Nb6 29. Bc2 Nc4 30. Nd3 g5 31. hxg5 hxg5 32. Ke2
Bd7 33. Nf2 Nc6 34. Kd3 a5 35. bxa5 b4 36. Bb3 N6xa5 37. Bxc4 dxc4+ 38. Kc2
Ba4+ 39. Kb1 bxa3 40. Bxa3 c3 41. Nd3 Nc4 42. Bc1 Bb3 43. Nb4 Ke6 44. Na2
Nd2+ 45. Ka1 Bxa2 46. Kxa2 Kd5 47. Ba3 Kc4 48. Bxd6 Nb3 49. Ba3 c2 50. e4
fxe4 51. fxe4 c1=Q 52. Bxc1 Nxc1+ 53. Kb1 Ne2 0-1

[Event "36th Olympiad w"]
[Site "Calvia ESP"]
[Date "2004.10.17"]
[Round "3"]
[White "Gonzalez Perez,L"]
[Black "Alexandrova,O"]
[Result "1/2-1/2"]
[WhiteElo "2152"]
[BlackElo "2442"]
[EventDate "2004.10.15"]

1. d4 Nf6 2. Nf3 c5 3. c3 e6 4. g3 Nc6 5. Bg2 d5 6. O-O Be7 7. Nbd2 cxd4 8.
cxd4 O-O 9. b3 Bd7 10. Bb2 Qb6 11. Rc1 Rfc8 12. Nb1 Ne4 13. Nc3 Nxc3 14.
Rxc3 Qa5 15. Qa1 Nb4 16. Ne5 Bb5 17. Qc1 Qd8 18. a3 Nc6 19. Nxc6 Rxc6 20.
Rxc6 Bxc6 21. Qd2 Qb6 22. Qe3 a5 23. Rc1 Qd8 24. Qd2 Qf8 25. a4 Qd8 26. Bf1
h5 27. e3 h4 28. Kg2 Qd7 29. Bd3 g6 30. Bc3 Qd8 31. Qc2 Kh7 32. Qd2 e5 33.
Qe2 Qd7 34. Qh5+ Kg7 35. Qxe5+ Bf6 36. Qf4 h3+ 37. Kg1 b5 38. axb5 Bxb5 39.
Bxb5 Qxb5 40. Qc7 Qe2 41. Qd7 a4 42. bxa4 Rxa4 43. Qxh3 Rc4 44. Qf1 Qa2
1/2-1/2

[Event "36th Olympiad w"]
[Site "Calvia ESP"]
[Date "2004.10.17"]
[Round "3"]
[White "Borsuk,A"]
[Black "Lujan,C"]
[Result "1/2-1/2"]
[WhiteElo "2306"]
[BlackElo "2325"]
[EventDate "2004.10.15"]

1. d4 Nf6 2. Nf3 g6 3. Bf4 Bg7 4. Nbd2 d6 5. e4 Nbd7 6. Bc4 O-O 7. Qe2 Nh5
8. Bg5 h6 9. Be3 e5 10. dxe5 dxe5 11. g3 Nb6 12. Bb3 Qe7 13. Nh4 Kh7 14. c3
Nf6 15. h3 Be6 16. Bc2 Rad8 17. Nhf3 Nfd7 18. g4 Nc5 19. a4 a5 20. Qb5 Nbd7
21. Qxa5 b6 22. Qb5 f5 23. exf5 gxf5 24. O-O-O e4 25. Nd4 Ne5 26. Nxf5
Ncd3+ 27. Kb1 Qf7 28. Bb3 Bxb3 29. Qxb3 Qxb3 30. Nxb3 Nc4 31. Nxg7 Kxg7 32.
Nd4 Ncxb2 33. Ne6+ Kf6 34. Nxd8 Nxd1 35. Rxd1 Rxd8 36. f3 Ke5 37. fxe4 Kxe4
38. Bxh6 Rh8 39. g5 c5 40. Kc2 c4 41. h4 Rg8 42. Rb1 Ra8 43. Rxb6 Rxa4 44.
g6 Ra2+ 45. Kb1 Rg2 46. g7 Rg1+ 47. Ka2 Rg2+ 48. Ka3 Rg1 49. Ka4 Kd5 50.
Kb5 Nc5 51. Bg5 Rb1+ 52. Ka5 Ra1+ 53. Kb4 Ra8 54. Be7 Ne6 55. Rd6+ Ke5 56.
Rxe6+ Kxe6 57. Bf8 Kf7 58. Kxc4 Rc8+ 59. Kd4 Rd8+ 60. Ke4 Rc8 61. Kd3 Rd8+
62. Kc2 Rc8 63. h5 Kg8 64. h6 Kh7 65. Kd3 Rd8+ 66. Ke4 Rc8 67. Kd4 Rd8+ 68.
Ke5 Rc8 69. Bb4 Rc6 70. Kd5 Rxh6 71. Bf8 Kg8 72. c4 Rg6 73. c5 Kf7 74. Ke5
Re6+ 75. Kd5 Rg6 76. Ke5 Re6+ 77. Kf5 Rc6 1/2-1/2

[Event "36th Olympiad w"]
[Site "Calvia ESP"]
[Date "2004.10.17"]
[Round "3"]
[White "Burijovich,L"]
[Black "Igla,B"]
[Result "0-1"]
[WhiteElo "2212"]
[BlackElo "2196"]
[EventDate "2004.10.15"]

1. e4 c5 2. Nf3 d6 3. d4 cxd4 4. Nxd4 Nf6 5. Nc3 g6 6. f4 Nc6 7. Nxc6 bxc6
8. e5 Nd7 9. exd6 exd6 10. Qd4 Nf6 11. Be3 Bg7 12. O-O-O Bg4 13. Be2 Bxe2
14. Nxe2 Qe7 15. Nc3 O-O 16. Rhe1 d5 17. Qc5 Qb7 18. f5 Ne4 19. Qa3 Bxc3
20. bxc3 Rfb8 21. Qb3 Qa6 22. Kb2 Qc4 23. Bd4 Rxb3+ 24. cxb3 Qb5 25. c4 Qb7
26. f6 a5 27. cxd5 cxd5 28. Be5 a4 29. Re3 a3+ 30. Kb1 Qc6 31. Ree1 Nc3+
32. Bxc3 Qxc3 33. Re2 Qxf6 0-1

[Event "36th Olympiad w"]
[Site "Calvia ESP"]
[Date "2004.10.17"]
[Round "3"]
[White "Vasiliev,Olg"]
[Black "Malajovich,S"]
[Result "1/2-1/2"]
[WhiteElo "2167"]
[BlackElo "2118"]
[EventDate "2004.10.15"]

1. e4 g6 2. d4 Bg7 3. Nc3 d6 4. f4 Nf6 5. Nf3 O-O 6. Bd3 Nc6 7. h3 e5 8. d5
Nd4 9. Nxd4 exd4 10. Ne2 Re8 11. O-O Nxe4 12. Bxe4 Rxe4 13. Ng3 Re8 14. f5
Bxf5 15. Nxf5 gxf5 16. Rxf5 Qh4 17. Bf4 d3 18. Qxd3 Bxb2 19. Rf1 Re1 20.
Rxe1 Qxe1+ 21. Kh2 Re8 22. Rg5+ Kh8 23. c3 Bxc3 24. Rf5 f6 25. Bg3 Qd2 26.
Qf3 Re2 27. Bh4 Qb2 28. Rxf6 Rxg2+ 29. Qxg2 Bxf6 30. Bxf6+ Qxf6 31. Kh1 h5
32. Qc2 Qf3+ 33. Kh2 h4 34. Qb2+ Kg8 35. Qxb7 Qg3+ 36. Kh1 Qxh3+ 37. Kg1
Qg3+ 38. Kf1 h3 39. Qc8+ Kg7 40. Qd7+ Kh6 41. Qe6+ Kg5 42. Qe7+ Kg4 43.
Qg7+ Kf3 44. Qc3+ Kf4 45. Qxc7 Qf3+ 46. Ke1 Qe4+ 47. Kf2 Qxd5 48. Qd8 Qxa2+
49. Kf1 Qb1+ 50. Ke2 Qe4+ 51. Kf2 Qd4+ 52. Kf1 Qd3+ 53. Kf2 Qd4+ 54. Kf1
Qd3+ 55. Kf2 Qd2+ 56. Kf1 h2 57. Qg5+ Ke4 58. Qf5+ Kd4 59. Qd5+ Kc3 60.
Qc4+ Kb2 61. Qb3+ 1/2-1/2

[Event "36th Olympiad w"]
[Site "Calvia ESP"]
[Date "2004.10.17"]
[Round "3"]
[White "Repkova,E"]
[Black "Mongontuul,B"]
[Result "1-0"]
[WhiteElo "2410"]
[BlackElo "2345"]
[EventDate "2004.10.15"]

1. e4 c5 2. b3 d6 3. Bb2 Nf6 4. Nc3 Nc6 5. f4 Nd4 6. Bd3 g6 7. Nge2 Bh6 8.
O-O O-O 9. Nxd4 cxd4 10. Nd5 Nxd5 11. exd5 Bg7 12. f5 Qa5 13. Qe2 Bxf5 14.
Bxf5 d3 15. Bxd3 Bxb2 16. Rae1 Bf6 17. Be4 Qxa2 18. Rf3 Qa5 19. Kh1 b5 20.
Qe3 Qb4 21. Rh3 Bg7 22. Qg5 Qd4 23. Bd3 a6 24. Qxe7 Rae8 25. Qxe8 Rxe8 26.
Rxe8+ Bf8 27. Rhe3 a5 28. Bxb5 Qxd5 29. Bd3 Kg7 30. Rb8 Qd4 31. Rf3 Qe5 32.
Rb5 d5 33. Rxa5 Bd6 34. g3 Qh5 35. Kg2 Qg5 36. Ra7 Qxd2+ 37. Kh1 Qe1+ 38.
Rf1 Qe6 39. Kg2 Bc5 40. Rc7 Bd6 41. Rb7 h5 42. Rf2 Bc5 43. Rf3 Bd6 44. Rf1
Kg8 45. Rf2 Bc5 46. Rfxf7 Qxf7 47. Rxf7 Kxf7 48. Kf3 g5 49. Bb5 Kf6 50. Bc6
g4+ 51. Ke2 d4 52. Kd3 Kg5 53. Kc4 Ba7 54. b4 h4 55. Kd5 h3 56. Ke4 d3 57.
Kxd3 Bg1 58. Ke2 Bb6 59. c4 Bd4 60. Kd3 Bg1 61. Ke2 Bd4 62. Bd7 Bc3 63. c5
Bxb4 64. c6 Bd6 65. Be6 1-0

[Event "36th Olympiad w"]
[Site "Calvia ESP"]
[Date "2004.10.17"]
[Round "3"]
[White "Anhchimeg,B"]
[Black "Pokorna,Reg"]
[Result "0-1"]
[WhiteElo "2235"]
[BlackElo "2370"]
[EventDate "2004.10.15"]

1. e4 e5 2. Nf3 Nc6 3. Bb5 a6 4. Ba4 Nf6 5. O-O Be7 6. Re1 b5 7. Bb3 d6 8.
c3 O-O 9. h3 Nb8 10. d4 Nbd7 11. Nbd2 Bb7 12. Bc2 Re8 13. Nf1 Bf8 14. Ng3
g6 15. a4 c5 16. d5 c4 17. Nh2 Nc5 18. Bg5 h6 19. Be3 Rb8 20. Ng4 Nxg4 21.
hxg4 Qh4 22. Nf1 Bc8 23. f3 Bg7 24. g3 Qf6 25. Kg2 Bd7 26. Qc1 g5 27. axb5
axb5 28. Ra7 Red8 29. Qa1 Bf8 30. Qa5 Qg6 31. Bxc5 dxc5 32. Ra6 Bd6 33. Ne3
Qf6 34. Ra1 Kg7 35. Ra7 Bc8 36. Rh1 Bf8 37. Bd1 Kg8 38. Be2 Kg7 39. Ra1 Kg8
40. Kf2 Bd6 41. Rh1 Bf8 42. Qc7 Bd7 43. Rha1 Bd6 44. Qa5 Bc8 45. Rh1 Bf8
46. Rxf7 Kxf7 0-1

[Event "36th Olympiad w"]
[Site "Calvia ESP"]
[Date "2004.10.17"]
[Round "3"]
[White "Borosova,Z"]
[Black "Batceceg,T"]
[Result "1-0"]
[WhiteElo "2249"]
[BlackElo "2209"]
[EventDate "2004.10.15"]

1. e4 c5 2. Nf3 d6 3. d4 cxd4 4. Nxd4 Nf6 5. Nc3 Nc6 6. Bc4 Qb6 7. Nde2 e6
8. O-O a6 9. Bb3 Be7 10. Bg5 Qc7 11. Ng3 b5 12. Kh1 O-O 13. f4 b4 14. Nce2
Na5 15. f5 Nxb3 16. cxb3 e5 17. Bxf6 Bxf6 18. Qd2 a5 19. Nh5 Qe7 20. Nxf6+
Qxf6 21. Ng3 Bb7 22. Rf3 Rfd8 23. Nh5 Qh6 24. Qxh6 gxh6 25. Rd1 Rac8 26. h3
Rc2 27. Rfd3 Kf8 28. Ng3 Rxb2 29. Rxd6 Rxd6 30. Rxd6 Rxa2 31. f6 Bc6 32.
Rxc6 Ke8 33. Rd6 Rc2 34. Nf5 Rc8 35. Ng7+ Kf8 36. Ra6 h5 37. Rxa5 1-0

[Event "36th Olympiad w"]
[Site "Calvia ESP"]
[Date "2004.10.17"]
[Round "3"]
[White "Skripchenko,A"]
[Black "Mira,H"]
[Result "1-0"]
[WhiteElo "2474"]
[BlackElo "2158"]
[EventDate "2004.10.15"]

1. e4 c5 2. Nf3 Nc6 3. Bb5 g6 4. O-O Bg7 5. c3 Nf6 6. Qa4 O-O 7. e5 Nd5 8.
Re1 Nc7 9. Bxc6 dxc6 10. Qh4 Ne6 11. d4 cxd4 12. cxd4 c5 13. dxc5 Nxc5 14.
Nc3 b6 15. Bh6 Bxh6 16. Qxh6 f6 17. Rad1 Nd3 18. Re3 Ba6 19. Ne1 Nxe5 20.
Rxd8 Raxd8 21. h3 Rd7 22. b3 Rc8 23. Nf3 Nf7 24. Qf4 Bb7 25. Ne4 Kg7 26.
Ng3 Rcc7 27. Nd4 Nd8 28. Ne6+ Nxe6 29. Rxe6 Bd5 30. Re1 e5 31. Qe3 Rc2 32.
Re2 Rxe2 33. Nxe2 Bf7 34. h4 h5 35. Qc3 Be6 36. Qc6 Kf7 37. Nc3 Ke7 38. Nb5
Rd1+ 39. Kh2 Rd2 40. f3 Bd7 41. Qc7 a6 42. Nc3 b5 43. Qc5+ Ke6 44. Ne4 1-0

[Event "36th Olympiad w"]
[Site "Calvia ESP"]
[Date "2004.10.17"]
[Round "3"]
[White "Collas,S"]
[Black "Sommer,S"]
[Result "1-0"]
[WhiteElo "2349"]
[BlackElo "2043"]
[EventDate "2004.10.15"]

1. Nf3 d5 2. d4 Bf5 3. c4 e6 4. Nc3 c6 5. Qb3 Qb6 6. c5 Qc7 7. Bf4 Qc8 8.
Nh4 Nf6 9. Nxf5 exf5 10. h3 Nbd7 11. e3 Be7 12. Be2 Ne4 13. Rc1 O-O 14. Qc2
g6 15. O-O Re8 16. f3 Ng5 17. e4 fxe4 18. fxe4 Nxe4 19. Nxe4 dxe4 20. Bc4
Bf6 21. Rcd1 Qd8 22. Qb3 Re7 23. Bd6 b6 24. cxb6 axb6 25. Bxe7 Qxe7 26. d5
cxd5 27. Bxd5 Ra5 28. Bxf7+ Kg7 29. Bd5 Qc5+ 30. Kh1 Ne5 31. Bxe4 Rb5 32.
Qe6 Qe7 33. Qxe7+ Bxe7 34. Rd5 Rxd5 35. Bxd5 Bc5 1-0

[Event "36th Olympiad w"]
[Site "Calvia ESP"]
[Date "2004.10.17"]
[Round "3"]
[White "Foisor,C"]
[Black "Bashkite,V"]
[Result "1/2-1/2"]
[WhiteElo "2436"]
[BlackElo "2206"]
[EventDate "2004.10.15"]

1. Nf3 c5 2. g3 Nc6 3. Bg2 g6 4. O-O Bg7 5. c4 d6 6. Nc3 e5 7. a3 a5 8. d3
Nge7 9. Rb1 h6 10. Ne1 Be6 11. Nd5 O-O 12. Nc2 Rb8 13. b4 axb4 14. axb4 b5
15. bxc5 bxc4 16. Rxb8 Qxb8 17. dxc4 dxc5 18. Nce3 Nf5 19. Ng4 Nfd4 20. e3
Bxg4 21. Qxg4 Ne6 22. h4 h5 23. Qe2 f5 24. Nf6+ Rxf6 25. Bxc6 Nf4 26. exf4
Rxc6 27. fxe5 Qxe5 28. Qf3 Re6 29. Qb7 Re7 30. Qb5 Qc7 31. Bf4 Be5 32. Bxe5
Qxe5 33. Rd1 f4 34. Qc6 Kg7 35. Rd6 Qe1+ 36. Kg2 Qe4+ 37. Qxe4 Rxe4 38. Kf3
Rxc4 39. gxf4 Rc3+ 40. Ke4 Rh3 41. Rc6 Rxh4 42. Rxc5 Rh2 43. Kf3 Kf6 44.
Rc1 Rh3+ 45. Ke4 1/2-1/2

[Event "36th Olympiad w"]
[Site "Calvia ESP"]
[Date "2004.10.17"]
[Round "3"]
[White "Piarnpuu,L"]
[Black "Peptan,C"]
[Result "0-1"]
[WhiteElo "2227"]
[BlackElo "2429"]
[EventDate "2004.10.15"]

1. d4 Nf6 2. Nf3 e6 3. c4 b6 4. a3 Ba6 5. Qc2 Bb7 6. Bg5 c5 7. dxc5 bxc5 8.
Nc3 h6 9. Bh4 Be7 10. e3 O-O 11. Be2 d6 12. O-O Nbd7 13. Rfd1 Qb6 14. Rd2
Bc6 15. Rad1 Rab8 16. Bg3 e5 17. Nh4 Rfc8 18. Bf3 Bf8 19. Nf5 Bxf3 20. gxf3
Rc6 21. f4 g6 22. fxe5 Nxe5 23. Bxe5 dxe5 24. Nd5 Nxd5 25. cxd5 Rc7 26. Ng3
Rd7 27. e4 h5 28. Qa4 Rdd8 29. Rc2 Qf6 30. Qc4 Qf4 31. Qe2 Rb6 32. Nf1 Rdb8
33. Rd3 h4 34. Ne3 Rb3 35. Nc4 h3 36. Rg3 Be7 37. Rg4 Qf6 38. Rg3 Bf8 39.
Qg4 Qh8 40. d6 Qf6 41. d7 Rxg3+ 42. hxg3 Rd8 43. Rd2 Bh6 44. Ne3 Bxe3 45.
fxe3 Kg7 46. Rf2 Qd6 47. Kh2 Rxd7 48. Kxh3 Rb7 49. Kg2 c4 50. Qf3 Rd7 51.
Qg4 Qc6 52. Qf3 a5 53. Qg4 a4 54. Qf3 Qb6 55. g4 Qd8 56. Kg3 Qe7 57. Kg2
Rd3 58. Re2 c3 59. bxc3 Rxc3 60. Qg3 Qg5 61. Qf3 Rxa3 62. Rf2 Qe7 63. Qg3
Rb3 64. g5 a3 65. Kh3 Qe6+ 66. Kg2 Rb2 0-1

[Event "36th Olympiad w"]
[Site "Calvia ESP"]
[Date "2004.10.17"]
[Round "3"]
[White "Olarasu,G"]
[Black "Brokko Olde,M"]
[Result "1-0"]
[WhiteElo "2325"]
[BlackElo "2114"]
[EventDate "2004.10.15"]

1. d4 Nf6 2. c4 c5 3. d5 e6 4. Nc3 exd5 5. cxd5 d6 6. Nf3 g6 7. Bg5 Bg7 8.
e3 O-O 9. Nd2 Nbd7 10. Be2 Re8 11. O-O a6 12. a4 Qc7 13. e4 Rb8 14. Qc2 Ne5
15. h3 b6 16. Be3 Qe7 17. Rae1 h6 18. f4 Ned7 19. Bd3 Nh5 20. g4 Nhf6 21.
Qd1 Bb7 22. Qe2 Rf8 23. Bxa6 Bxa6 24. Qxa6 Ra8 25. Qd3 Nh7 26. b3 Qh4 27.
Bf2 Qf6 28. Nb5 h5 29. Bg3 hxg4 30. hxg4 Rfd8 31. Nc4 Bf8 32. g5 Qe7 33.
Nbxd6 Nb8 34. e5 Na6 35. Nxb6 Nb4 36. Qe4 Ra6 37. Nbc4 Raa8 38. Kg2 Rab8
39. Rh1 Na2 40. Nb5 Qd7 41. e6 Qe7 42. Qb1 Nb4 43. d6 Qb7+ 44. Qe4 fxe6 45.
Qxb7 Rxb7 46. Rxe6 Kg7 47. Ne5 1-0

[Event "36th Olympiad w"]
[Site "Calvia ESP"]
[Date "2004.10.17"]
[Round "3"]
[White "Fierro Baquero,M"]
[Black "Jackova,J"]
[Result "1-0"]
[WhiteElo "2333"]
[BlackElo "2408"]
[EventDate "2004.10.15"]

1. e4 e5 2. Nf3 Nc6 3. Bb5 a6 4. Ba4 Nf6 5. d3 b5 6. Bb3 Be7 7. O-O O-O 8.
Re1 Bb7 9. Nbd2 Re8 10. Ng5 d5 11. exd5 Nd4 12. Ndf3 Nxb3 13. axb3 h6 14.
Ne4 Qxd5 15. Nc3 Qc6 16. Rxe5 Ng4 17. Re1 Bc5 18. Rxe8+ Rxe8 19. d4 Bd6 20.
h3 Nh2 21. Be3 Nxf3+ 22. Qxf3 Qxf3 23. gxf3 Bxf3 24. Rxa6 Re6 25. Kf1 f5
26. Nxb5 f4 27. Nxc7 Re7 28. Rxd6 fxe3 29. Nb5 e2+ 30. Ke1 Re8 31. Nc3 1-0

[Event "36th Olympiad w"]
[Site "Calvia ESP"]
[Date "2004.10.17"]
[Round "3"]
[White "Sikorova,O"]
[Black "Vasquez Ramirez,R"]
[Result "0-1"]
[WhiteElo "2252"]
[BlackElo "2257"]
[EventDate "2004.10.15"]

1. e4 c5 2. Nf3 Nc6 3. Bb5 e6 4. Bxc6 dxc6 5. b3 Qf6 6. Nc3 e5 7. h3 Ne7 8.
Bb2 Ng6 9. Ne2 Bd6 10. d3 O-O 11. Qd2 a5 12. a4 h6 13. Qe3 Be6 14. Nd2 Qg5
15. Qxg5 hxg5 16. Nc4 Bc7 17. Bc1 Nf4 18. Nxf4 gxf4 19. Ba3 b5 20. Nd2 Bd6
21. Ke2 f6 22. Rhb1 Kf7 23. Bb2 g5 24. f3 Rh8 25. Rh1 Rh7 26. Bc3 Bc7 27.
Bb2 Rah8 28. Rhg1 Bb6 29. c4 b4 30. Nf1 Bc7 31. Re1 Kg6 32. Rd1 Bd6 33. Nh2
Bxh3 34. gxh3 Rxh3 35. Nf1 Rh2+ 36. Nxh2 Rxh2+ 37. Kf1 Rxb2 38. Rg2 Rxb3
39. Ra2 Be7 40. Ke2 f5 41. exf5+ Kxf5 42. Rg1 Bf6 43. Kd2 e4 44. fxe4+ Ke5
45. Ke2 Kd4 46. Rd2 Ra3 47. Rh1 Rxa4 48. Rh7 b3 49. Rb7 Rb4 50. Rf7 b2 51.
Rxf6 b1=Q 0-1

[Event "36th Olympiad w"]
[Site "Calvia ESP"]
[Date "2004.10.17"]
[Round "3"]
[White "Cmilyte,V"]
[Black "Valickova,M"]
[Result "1-0"]
[WhiteElo "2442"]
[BlackElo "2076"]
[EventDate "2004.10.15"]

1. d4 d5 2. c4 c6 3. Nc3 Nf6 4. Nf3 dxc4 5. a4 Bg4 6. e3 e5 7. dxe5 Qxd1+
8. Nxd1 Nfd7 9. Bxc4 Bb4+ 10. Bd2 Bxd2+ 11. Kxd2 Bxf3 12. gxf3 Nxe5 13. Be2
Nbd7 14. f4 Ng6 15. Nc3 f5 16. Rhg1 Kf7 17. Kc2 Rhd8 18. a5 Nf6 19. Bf3 Ne7
20. Na4 Rab8 21. Nc5 Ned5 22. Nd3 Rd6 23. h4 h5 24. Rg5 Ne7 25. Ne5+ Kf8
26. Rag1 Ng4 27. Rxh5 Nxe5 28. fxe5 Re6 29. Be2 1-0